000 00769nam a22002177a 4500
999 _c63687
_d63687
005 20240530110654.0
008 171218s2015 ua a g b 000 0 ara d
017 _a2015/11533
_bمصر. دار الكتب
020 _a9789774279935
040 _aEG-CaGPL
_cEG-CaGPL
082 0 4 _221
_a210\
_bع أ
100 0 _aعادل السكرى
245 1 0 _aاصول و فصول فى دراسة التربية الاسلامية /
_cعادل السكرى .
250 _aط.1
260 _aالقاهرة :
_bالدار المصرية اللبنانية ،
_c2015 .
300 _a269 ص. ؛
_c24 سم.
650 0 7 _2qrmak
_aالتربية الاسلامية
650 0 7 _2qrmak
_aالاصولية
942 _2ddc
_cBK